| 000 | 01116nam a2200265 i 4500 | ||
|---|---|---|---|
| 001 | bg | ||
| 245 | 0 | 0 |
_aForum. _nZ. 1 / _cPełnomocnik Rządu do Spraw Negocjacji o Członkostwo RP w Unii Europejskiej, Kancelaria Prezesa Rady Ministrów, Krajowe Centum Doradztwa Rozwoju Rolnictwa i Obszarów Wiejskich ; [aut. odpowiedzi Zofia Krzyżanowska et al.] |
| 260 |
_aWarszawa : _bKrajowe Centrum Doradztwa Rozwoju Rolnictwa i Obszarów Wiejskich : _bKancelaria Prezesa Rady Ministrów, _c2001. |
||
| 300 |
_a50 s. ; _c24 cm. |
||
| 610 | 2 | 9 |
_aUnia Europejska _xa Polska _xrolnictwo |
| 650 | 9 |
_aRolnictwo _xprawo wspólnotowe europejskie |
|
| 650 | 9 |
_aRolnictwo _xprawo _zPolska |
|
| 651 | 9 |
_aPolska _xa Unia Europejska _xrolnictwo |
|
| 655 | _aWydawnictwa popularne | ||
| 700 | 1 | _aKRZYŻANOWSKA, Zofia | |
| 710 | 0 | _aKrajowe Centrum Doradztwa Rozwoju Rolnictwa i Obszarów Wiejskich | |
| 710 | 0 | _aKancelaria Prezesa Rady Ministrów | |
| 020 | _a839158013X | ||
| 040 | _cBPK | ||
| 041 | 0 | _apol | |
| 080 | _a338.43(4-67:438) | ||
| 920 | _a83-915801-3-X | ||
| 942 | _cKS | ||
| 008 | s pl f |000 0 pol | ||
| 999 |
_c35415 _d35415 |
||
| 856 |
_uhttp://koha.tu.koszalin.pl/cgi-bin/koha/opac-detail.pl?biblionumber=35415 _yKatalog online BPK |
||